[Event "Mitropa Cup"]
[Site "Apolda"]
[Date "2024.02.23"]
[Round "9.11"]
[White "Morgunov, Marc"]
[Black "Tomulic, Teo"]
[Result "1-0"]
[WhiteElo "2375"]
[BlackElo "2357"]
[PlyCount "75"]
[EventDate "2024.02.15"]
[EventType "team-tourn"]
[EventRounds "9"]
[EventCountry "GER"]
[SourceTitle "CB09_2024"]
[SourceDate "2024.02.28"]
[SourceVersion "1"]
[SourceVersionDate "2024.02.28"]
[SourceQuality "1"]
[WhiteTeam "Austria"]
[BlackTeam "Croatia"]
[WhiteTeamCountry "AUT"]
[BlackTeamCountry "CRO"]

1. e4 c6 2. d4 d5 3. e5 Bf5 4. Nf3 e6 5. Be2 Ne7 6. 0-0 h6 7. a4 Bh7 8. b4 Nd7 9. Nbd2 Ng6 10. c3 Nf4 11. Nb3 Nxe2+ 12. Qxe2 Be7 13. Ba3 Rc8 14. Nfd2 0-0 15. Rfc1 Re8 16. a5 b5 17. axb6 axb6 18. b5 c5 19. c4 Ra8 20. cxd5 exd5 21. e6 Nf6 22. dxc5 bxc5 23. Bxc5 Rxa1 24. Rxa1 Bxc5 25. Nxc5 fxe6 26. Ra6 e5 27. b6 Nd7 28. Qb5 Nb8 29. Ra8 Bg6 30. Na6 Qg5 31. Nf1 Nxa6 32. Rxe8+ Bxe8 33. Qxe8+ Kh7 34. Qc8 Nb4 35. b7 Na6 36. b8Q Nxb8 37. Qxb8 e4 38. Qd6 1-0

[Event "Mitropa Cup"]
[Site "Apolda"]
[Date "2024.02.22"]
[Round "8.7"]
[White "Bochnicka, Vladimir1"]
[Black "Morgunov, Marc"]
[Result "1-0"]
[WhiteElo "2405"]
[BlackElo "2375"]
[PlyCount "119"]
[EventDate "2024.02.15"]
[EventType "team-tourn"]
[EventRounds "9"]
[EventCountry "GER"]
[SourceTitle "CB09_2024"]
[SourceDate "2024.02.28"]
[SourceVersion "1"]
[SourceVersionDate "2024.02.28"]
[SourceQuality "1"]
[WhiteTeam "Slovakia"]
[BlackTeam "Austria"]
[WhiteTeamCountry "SVK"]
[BlackTeamCountry "AUT"]

1. e4 e5 2. Nf3 Nc6 3. d4 exd4 4. Nxd4 Nf6 5. Nxc6 bxc6 6. e5 Qe7 7. Qe2 Nd5 8. h4 a5 9. c4 Ba6 10. Nd2 f6 11. g3 Nb6 12. exf6 gxf6 13. b3 d5 14. Bb2 Kf7 15. 0-0-0 Qxe2 16. Bxe2 h5 17. g4 Re8 18. Bd3 Nd7 19. g5 Ne5 20. Bc2 Ng4 21. f3 Nf2 22. Rde1 Bc5 23. Rhf1 Rxe1+ 24. Rxe1 d4 25. b4 Bxb4 26. Re2 d3 27. Rxf2 dxc2 28. Ne4 Bxc4 29. Rxc2 Bd5 30. Nxf6 Rd8 31. Nxh5 Bd6 32. Rg2 Kg6 33. Nf6 Bf4+ 34. Kb1 Bxf3 35. Rf2 Rd3 36. Kc2 Bg3 37. Rf1 Re3 38. Bd4 Ra3 39. Bb2 Re3 40. Bd4 Ra3 41. Bc5 Bg2 42. h5+ Kxg5 43. Bxa3 Bxf1 44. Ne4+ Kf4 45. Nxg3 Kxg3 46. h6 Bh3 47. Kb3 Bf5 48. Ka4 Kf4 49. Kxa5 Bd3 50. Bb2 Kg5 51. Bg7 Kg6 52. Kb4 Kf7 53. Kc5 Be4 54. Be5 Ke6 55. Bxc7 Kd7 56. Kb6 c5 57. a4 c4 58. a5 c3 59. a6 c2 60. Bf4 1-0

[Event "Mitropa Cup"]
[Site "Apolda"]
[Date "2024.02.21"]
[Round "7.14"]
[White "Morgunov, Marc"]
[Black "Baenziger, Fabian"]
[Result "1-0"]
[WhiteElo "2375"]
[BlackElo "2408"]
[PlyCount "121"]
[EventDate "2024.02.15"]
[EventType "team-tourn"]
[EventRounds "9"]
[EventCountry "GER"]
[SourceTitle "CB09_2024"]
[SourceDate "2024.02.28"]
[SourceVersion "1"]
[SourceVersionDate "2024.02.28"]
[SourceQuality "1"]
[WhiteTeam "Austria"]
[BlackTeam "Switzerland"]
[WhiteTeamCountry "AUT"]
[BlackTeamCountry "SUI"]

1. d4 Nf6 2. c4 e6 3. Nf3 d5 4. Nc3 Nbd7 5. cxd5 exd5 6. Bg5 c6 7. e3 h6 8. Bh4 g5 9. Bg3 Nh5 10. Be5 Nhf6 11. Bg3 Nh5 12. Bd3 Nxg3 13. hxg3 Bg7 14. Qc2 Qe7 15. 0-0 0-0 16. Rfe1 Nf6 17. a3 Be6 18. b4 a5 19. Rab1 axb4 20. axb4 Nd7 21. e4 dxe4 22. Bxe4 Ra3 23. Bh7+ Kh8 24. Bf5 Bxf5 25. Qxf5 Qd6 26. Re3 Qg6 27. Qxd7 Rxc3 28. Ree1 Rc2 29. Rbc1 Rb2 30. Qxb7 g4 31. Ne5 Qf5 32. Rf1 Qe4 33. Nxc6 Bxd4 34. Qb5 Rc8 35. Nxd4 Rxc1 36. Rxc1 Qxd4 37. Qf5 Kg7 38. Rc7 Qf6 39. Qxg4+ Qg5 40. Qd4+ Qf6 41. Qxf6+ Kxf6 42. Rc4 Rb1+ 43. Kh2 Kg6 44. g4 Rb3 45. f3 Rb2 46. Rc6+ Kg7 47. Rb6 Kh7 48. Kg3 Kg7 49. b5 Rb4 50. Rb7 Rb2 51. b6 Kg6 52. Kf4 Rxg2 53. Rc7 Rb2 54. b7 Rb5 55. Ke4 f5+ 56. gxf5+ Kf6 57. Kd4 h5 58. Kc4 Rb1 59. Kc5 Kxf5 60. Kc6 Kf4 61. Rh7 1-0

[Event "Titled Tuesday intern op 16th Jan Early"]
[Site "Chess.com INT"]
[Date "2024.01.16"]
[Round "2"]
[White "Morgunov, Marc"]
[Black "Jumabayev, Rinat"]
[Result "0-1"]
[WhiteElo "2368"]
[BlackElo "2598"]
[PlyCount "80"]
[EventDate "2024.01.16"]
[EventType "swiss (blitz)"]
[EventRounds "11"]
[EventCountry "USA"]
[SourceTitle "CB04_2024"]
[SourceDate "2023.10.16"]
[SourceVersion "1"]
[SourceVersionDate "2023.10.16"]
[SourceQuality "1"]

1. e4 c5 2. Nf3 d6 3. d4 cxd4 4. Nxd4 Nf6 5. Nc3 Nc6 6. f3 e5 7. Nb3 Be7 8. Be3 a5 9. Bb5 0-0 10. Qd2 Be6 11. 0-0-0 Na7 12. Bxa7 Rxa7 13. Kb1 Qb6 14. a4 Raa8 15. g4 Rfd8 16. g5 Nh5 17. Nd5 Bxd5 18. exd5 Rdc8 19. h4 Nf4 20. c4 Qd8 21. Rhg1 f6 22. c5 fxg5 23. c6 bxc6 24. dxc6 gxh4 25. Nd4 Bf6 26. Nf5 d5 27. Rg4 Ra7 28. Rdg1 g6 29. Nxh4 Bxh4 30. Rh1 Bf6 31. Qh2 Rg7 32. Re1 Qd6 33. Qd2 Qc7 34. Rxf4 exf4 35. Qxd5+ Kh8 36. Re6 Rf8 37. Rd6 h5 38. Rd7 Rxd7 39. cxd7 Qe5 40. Qd3 Qxb2# 0-1

[Event "Sitges Sunway op 10th"]
[Site "Sitges"]
[Date "2023.12.16"]
[Round "5"]
[White "Bharath, Subramaniyam H"]
[Black "Morgunov, Marc"]
[Result "1-0"]
[WhiteElo "2504"]
[BlackElo "2368"]
[PlyCount "67"]
[EventDate "2023.12.12"]
[EventType "swiss"]
[EventRounds "10"]
[EventCountry "ESP"]
[SourceTitle "CB52_2023"]
[SourceDate "2023.12.27"]
[SourceVersion "1"]
[SourceVersionDate "2023.12.27"]
[SourceQuality "1"]

1. d4 Nf6 2. c4 g6 3. Nc3 Bg7 4. e4 0-0 5. Be3 d6 6. h3 Na6 7. g4 e5 8. d5 Nc5 9. Qc2 a5 10. Nge2 c6 11. Ng3 Ne8 12. f3 Nc7 13. h4 cxd5 14. cxd5 Bd7 15. h5 f6 16. hxg6 hxg6 17. Bxc5 dxc5 18. d6 Ne6 19. Bc4 Rf7 20. Nd5 Nd4 21. Qg2 Be6 22. Nf5 gxf5 23. gxf5 Bxd5 24. Bxd5 Qxd6 25. 0-0-0 Kf8 26. Rdg1 Qa6 27. Bxf7 Ne2+ 28. Kc2 Nd4+ 29. Kd2 Ke7 30. Bc4 Qxc4 31. Qxg7+ Kd6 32. Qxf6+ Kc7 33. Rg7+ Kb8 34. Rxb7+ 1-0

[Event "Sitges Sunway op 10th"]
[Site "Sitges"]
[Date "2023.12.15"]
[Round "4"]
[White "Morgunov, Marc"]
[Black "Can, Isik"]
[Result "1/2-1/2"]
[WhiteElo "2368"]
[BlackElo "2506"]
[PlyCount "60"]
[EventDate "2023.12.12"]
[EventType "swiss"]
[EventRounds "10"]
[EventCountry "ESP"]
[SourceTitle "CB52_2023"]
[SourceDate "2023.12.27"]
[SourceVersion "1"]
[SourceVersionDate "2023.12.27"]
[SourceQuality "1"]

1. e4 e5 2. Nf3 Nc6 3. Bb5 Nf6 4. 0-0 Nxe4 5. Re1 Nd6 6. Nxe5 Be7 7. Bf1 Nxe5 8. Rxe5 0-0 9. d4 Ne8 10. c3 d5 11. Bd3 Bd6 12. Re1 Qh4 13. g3 Qh3 14. Bf1 Qg4 15. Be2 Qh3 16. Bf1 Qg4 17. Be2 Qg6 18. Nd2 Nf6 19. Nf3 Bg4 20. Nh4 Bxe2 21. Qxe2 Qh5 22. Qxh5 Nxh5 23. Nf5 Rfe8 24. Bg5 f6 25. Bd2 g5 26. f3 Kf7 27. Kf2 Ng7 28. Nxg7 Kxg7 29. Rxe8 Rxe8 30. Re1 Rxe1 1/2-1/2

[Event "Titled Tuesday intern op 14th Nov Early"]
[Site "Chess.com INT"]
[Date "2023.11.14"]
[Round "3"]
[White "Godzwon, Iwo"]
[Black "Morgunov, Marc"]
[Result "0-1"]
[WhiteElo "2415"]
[BlackElo "2366"]
[PlyCount "70"]
[EventDate "2023.11.14"]
[EventType "swiss (blitz)"]
[EventRounds "11"]
[EventCountry "USA"]
[SourceTitle "CB47_2023"]
[SourceDate "2023.11.22"]
[SourceVersion "1"]
[SourceVersionDate "2023.11.22"]
[SourceQuality "1"]

1. e4 c5 2. Nf3 d6 3. c3 Nf6 4. h3 g6 5. Bd3 Bg7 6. 0-0 0-0 7. Bc2 e5 8. Re1 Nc6 9. d3 Re8 10. Bg5 h6 11. Bxf6 Bxf6 12. Nbd2 Be6 13. Bb3 d5 14. Nf1 d4 15. Qc2 Rc8 16. N1d2 b5 17. a4 a6 18. axb5 axb5 19. Ra6 Qd7 20. Rea1 Red8 21. Bxe6 Qxe6 22. Rb6 Nb4 23. Rxe6 Nxc2 24. Rxf6 Nxa1 25. Nxe5 dxc3 26. bxc3 c4 27. Rxf7 Nb3 28. Nxb3 cxb3 29. Rb7 Rb8 30. Rxb8 Rxb8 31. Nf3 b2 32. Nd2 Rc8 33. Kf1 Rxc3 34. Ke2 Rc2 35. Ke3 Rxd2 0-1

[Event "Titled Tuesday intern op 14th Nov Early"]
[Site "Chess.com INT"]
[Date "2023.11.14"]
[Round "8"]
[White "Kovalev, Denis"]
[Black "Morgunov, Marc"]
[Result "1-0"]
[WhiteElo "2487"]
[BlackElo "2366"]
[PlyCount "177"]
[EventDate "2023.11.14"]
[EventType "swiss (blitz)"]
[EventRounds "11"]
[EventCountry "USA"]
[SourceTitle "CB47_2023"]
[SourceDate "2023.11.22"]
[SourceVersion "1"]
[SourceVersionDate "2023.11.22"]
[SourceQuality "1"]

1. Nf3 Nf6 2. c4 g6 3. b4 Bg7 4. Bb2 0-0 5. g3 d5 6. cxd5 Nxd5 7. Bxg7 Kxg7 8. Qb3 c6 9. Bg2 a5 10. b5 a4 11. Qb2+ Kg8 12. 0-0 Qb6 13. Na3 Ra5 14. Rab1 cxb5 15. e4 Nc7 16. Nc4 Qa6 17. Nxa5 Qxa5 18. Rfc1 Bd7 19. d4 Nba6 20. Ne5 Be8 21. a3 f6 22. Nd3 Bf7 23. d5 Rd8 24. Nb4 e6 25. Qxf6 Ne8 26. Qe7 exd5 27. e5 Qb6 28. Nxd5 Bxd5 29. Bxd5+ Rxd5 30. Qxe8+ Kg7 31. Qe7+ Kh6 32. Qf7 Qd4 33. e6 Rf5 34. Qxb7 Rxf2 35. Kh1 Qd2 36. Rf1 Nc5 37. Rxf2 Qxf2 38. Qd5 Nb3 39. Qe4 Kg7 40. e7 Nd2 41. Qg2 Qe3 42. e8Q Qxe8 43. Qxd2 Qe4+ 44. Kg1 Qxb1+ 45. Kf2 Qb3 46. Qd7+ Kf6 47. Qd6+ Kf5 48. Qf4+ Ke6 49. Qe4+ Kd6 50. Qd4+ Kc6 51. Qf6+ Kc5 52. Qe7+ Kc4 53. Qf7+ Kc3 54. Qxh7 Qxa3 55. Qxg6 Qb2+ 56. Kf3 a3 57. Qf6+ Kc2 58. Qf5+ Kc1 59. Qf4+ Kb1 60. Qe4+ Qc2 61. Qb4+ Qb2 62. Qe1+ Kc2 63. Qe4+ Kc3 64. Qe5+ Kb4 65. Qd6+ Ka4 66. Qa6+ Kb4 67. Qd6+ Kc3 68. Qe5+ Kc4 69. Qe6+ Kd3 70. Qe4+ Kd2 71. Qe2+ Kc1 72. Qe1+ Kc2 73. Qe2+ Kb1 74. Qd1+ Ka2 75. Kg4 b4 76. h4 b3 77. h5 Qc2 78. Qd5 Kb2 79. h6 a2 80. h7 Qc3 81. Qg2+ Ka3 82. Qa8+ Kb2 83. Qg2+ Kc1 84. Qh1+ Kd2 85. h8Q Qxh8 86. Qxh8 Kc2 87. Qa1 b2 88. Qxa2 Kc1 89. Qa3 1-0

[Event "AUT-chT U18 rapid"]
[Site "Vienna"]
[Date "2023.10.29"]
[Round "4.1"]
[White "Morgunov, Marc"]
[Black "Dotzer, Lukas"]
[Result "1-0"]
[WhiteElo "2379"]
[BlackElo "2331"]
[PlyCount "97"]
[EventDate "2023.10.29"]
[EventType "team-swiss"]
[EventRounds "7"]
[EventCountry "AUT"]
[SourceTitle "Mega2024 Update 01"]
[Source "Chessbase"]
[SourceDate "2023.11.12"]
[SourceVersion "1"]
[SourceVersionDate "2023.11.12"]
[SourceQuality "1"]
[WhiteTeam "Vienna U18"]
[BlackTeam "Kaernten U18"]
[WhiteTeamCountry "AUT"]
[BlackTeamCountry "AUT"]

1. e4 c5 2. Nf3 e6 3. d4 cxd4 4. Nxd4 Nc6 5. Nc3 Qc7 6. Be3 a6 7. Qf3 b5 8. 0-0-0 Bb7 9. Qg3 Qxg3 10. hxg3 Bc5 11. f3 Nf6 12. Kb1 Nxd4 13. Bxd4 Bxd4 14. Rxd4 e5 15. Rd2 Ke7 16. g4 h6 17. Be2 Bc6 18. a3 d6 19. Rhd1 Rhd8 20. b4 Ra7 21. Kb2 Rc7 22. a4 bxa4 23. Bxa6 Rb8 24. b5 Nd7 25. Rxd6 Nc5 26. Ka3 Nxa6 27. Rxc6 Rxc6 28. bxc6 Nb4 29. Nd5+ Nxd5 30. Rxd5 Rc8 31. Rxe5+ Kd6 32. Rf5 f6 33. Kxa4 Rxc6 34. Kb3 Rb6+ 35. Kc3 Rb1 36. Rd5+ Ke6 37. Rd2 Rg1 38. Kc4 Ke5 39. Kb5 Rb1+ 40. Kc5 Kf4 41. Kd4 Kg3 42. c4 Rc1 43. c5 g6 44. Kd5 Kf4 45. Rd4 Rc2 46. c6 Rxg2 47. c7 Rc2 48. Rc4 Rd2+ 49. Ke6 1-0

[Event "AUT-chT U18 rapid"]
[Site "Vienna"]
[Date "2023.10.29"]
[Round "2.1"]
[White "Morgunov, Marc"]
[Black "Gschiel, Alexander"]
[Result "1-0"]
[WhiteElo "2379"]
[BlackElo "2253"]
[PlyCount "53"]
[EventDate "2023.10.29"]
[EventType "team-swiss"]
[EventRounds "7"]
[EventCountry "AUT"]
[SourceTitle "Mega2024 Update 01"]
[Source "Chessbase"]
[SourceDate "2023.11.12"]
[SourceVersion "1"]
[SourceVersionDate "2023.11.12"]
[SourceQuality "1"]
[WhiteTeam "Vienna U18"]
[BlackTeam "Burgenland U18"]
[WhiteTeamCountry "AUT"]
[BlackTeamCountry "AUT"]

1. e4 c6 2. Nf3 d5 3. d3 dxe4 4. dxe4 Qxd1+ 5. Kxd1 Nf6 6. Nfd2 h5 7. c3 g5 8. f3 Bh6 9. a4 a5 10. Nc4 Nbd7 11. Nbd2 g4 12. Nb3 b6 13. Bxh6 Rxh6 14. Nd4 Ba6 15. Ne3 Bxf1 16. Rxf1 Ne5 17. Kc2 Rc8 18. Rae1 c5 19. Ndf5 Rg6 20. f4 Nc6 21. Nc4 Nd7 22. e5 Rb8 23. Nfe3 e6 24. f5 exf5 25. Rxf5 Rh6 26. Nd5 Ne7 27. Nd6+ 1-0

[Event "AUT-chT U18 rapid"]
[Site "Vienna"]
[Date "2023.10.29"]
[Round "7.1"]
[White "Morgunov, Marc"]
[Black "Marakovits, Nico"]
[Result "1-0"]
[WhiteElo "2379"]
[BlackElo "2321"]
[PlyCount "73"]
[EventDate "2023.10.29"]
[EventType "team-swiss"]
[EventRounds "7"]
[EventCountry "AUT"]
[SourceTitle "Mega2024 Update 01"]
[Source "Chessbase"]
[SourceDate "2023.11.12"]
[SourceVersion "1"]
[SourceVersionDate "2023.11.12"]
[SourceQuality "1"]
[WhiteTeam "Vienna U18"]
[BlackTeam "Steiermark U18"]
[WhiteTeamCountry "AUT"]
[BlackTeamCountry "AUT"]

1. e4 e6 2. d4 d5 3. Nc3 Bb4 4. e5 c5 5. a3 Bxc3+ 6. bxc3 Qa5 7. Bd2 Qa4 8. c4 Ne7 9. dxc5 Nbc6 10. Nf3 dxc4 11. c3 Qa5 12. Bxc4 Qxc5 13. Qe2 Nd5 14. 0-0 Bd7 15. Rfc1 Nb6 16. Bd3 Na5 17. c4 Nb3 18. Bb4 Qc8 19. Ng5 Nxc1 20. Rxc1 Bc6 21. Nxh7 Qd7 22. Bd6 0-0-0 23. c5 Nd5 24. Qg4 f5 25. exf6 gxf6 26. Qg6 Rdg8 27. Nxf6 Nxf6 28. Qxf6 Bxg2 29. Bg3 Qxd3 30. Kxg2 Qe4+ 31. Kg1 Rh5 32. Rd1 Qe2 33. Rf1 Qe4 34. Qf7 Rxg3+ 35. fxg3 Qe2 36. Qf8+ Kc7 37. Qd6+ 1-0

[Event "EU-ch U18 rapid"]
[Site "Terme Catez"]
[Date "2023.09.29"]
[Round "9"]
[White "Nedelcu, Teodor Cosmin"]
[Black "Morgunov, Marc"]
[Result "1-0"]
[WhiteElo "2140"]
[BlackElo "2355"]
[PlyCount "71"]
[EventDate "2023.09.28"]
[EventType "swiss (rapid)"]
[EventRounds "9"]
[EventCountry "SLO"]
[SourceTitle "EXT 2024"]
[Source "ChessBase"]
[SourceDate "2023.10.10"]
[SourceVersion "1"]
[SourceVersionDate "2023.10.10"]
[SourceQuality "1"]

1. d4 Nf6 2. c4 g6 3. Nc3 Bg7 4. e4 d6 5. Nge2 0-0 6. Ng3 e5 7. d5 a5 8. Be2 Na6 9. Be3 Nc5 10. a3 Bd7 11. 0-0 a4 12. Bxc5 dxc5 13. Bd3 Ra6 14. Bc2 Qa8 15. h3 Ne8 16. Qe2 Nd6 17. Rfb1 b6 18. b4 axb3 19. Rxb3 Ra5 20. Bd3 Qb7 21. h4 Rfa8 22. h5 Qc8 23. Qd2 Qd8 24. hxg6 hxg6 25. f3 Qh4 26. Nf1 Bh6 27. Qf2 Qe7 28. g4 Kg7 29. Kg2 Bg5 30. Ng3 Rh8 31. Rh1 Rxh1 32. Kxh1 Bc1 33. Nb1 Ra8 34. Nd2 Qh4+ 35. Kg2 Bxa3 36. Nh5+ 1-0

[Event "Split op 12th"]
[Site "Split"]
[Date "2023.08.13"]
[Round "9"]
[White "Morgunov, Marc"]
[Black "Wendl, Philipp"]
[Result "1-0"]
[WhiteElo "2394"]
[BlackElo "2151"]
[PlyCount "87"]
[EventDate "2023.08.05"]
[EventType "swiss"]
[EventRounds "9"]
[EventCountry "CRO"]
[SourceTitle "CBM 215 Extra"]
[Source "ChessBase"]
[SourceDate "2023.09.30"]
[SourceVersion "1"]
[SourceVersionDate "2023.09.30"]
[SourceQuality "1"]

1. e4 c5 2. Nf3 d6 3. d4 cxd4 4. Nxd4 Nf6 5. Nc3 a6 6. f4 e6 7. Be2 Be7 8. Be3 0-0 9. Bf3 e5 10. Nf5 Bxf5 11. exf5 e4 12. Nxe4 Nxe4 13. Bxe4 Bh4+ 14. g3 Re8 15. Qd5 Qe7 16. gxh4 Qxe4 17. Qxe4 Rxe4 18. Kf2 Nc6 19. Rad1 Rae8 20. Rhe1 Ne7 21. Rxd6 Nxf5 22. Rd3 Rc8 23. c3 h5 24. Bd2 Rxe1 25. Bxe1 Re8 26. Bd2 Nxh4 27. Rh3 Nf5 28. Rxh5 g6 29. Rh3 Nd6 30. Rd3 Ne4+ 31. Kf3 Nxd2+ 32. Rxd2 Re1 33. Rd6 Rf1+ 34. Ke3 Re1+ 35. Kd4 Rd1+ 36. Kc5 Rh1 37. Rd2 Re1 38. Kb6 Re7 39. c4 Kg7 40. c5 Kf6 41. Rd5 Re2 42. b4 Rxh2 43. Kxb7 Rxa2 44. c6 1-0

[Event "EU-chT U18"]
[Site "Iasi"]
[Date "2023.07.25"]
[Round "2.1"]
[White "Sachilaru, Alexandru"]
[Black "Morgunov, Marc"]
[Result "1/2-1/2"]
[WhiteElo "2133"]
[BlackElo "2394"]
[PlyCount "97"]
[EventDate "2023.07.24"]
[EventType "team-swiss"]
[EventRounds "7"]
[EventCountry "ROU"]
[SourceTitle "CBM 215 Extra"]
[Source "ChessBase"]
[SourceDate "2023.09.30"]
[SourceVersion "1"]
[SourceVersionDate "2023.09.30"]
[SourceQuality "1"]
[WhiteTeam "Romania Iasi U18"]
[BlackTeam "Austria U18"]
[WhiteTeamCountry "ROU"]
[BlackTeamCountry "AUT"]

1. e4 c5 2. Nf3 d6 3. d4 cxd4 4. Nxd4 Nf6 5. Nc3 a6 6. Bg5 e6 7. f4 h6 8. Bh4 Qb6 9. a3 Be7 10. Bf2 Qc7 11. Qf3 Nbd7 12. 0-0-0 b5 13. Kb1 Bb7 14. Bd3 Nc5 15. g4 d5 16. e5 Nfe4 17. Bxe4 dxe4 18. Qe3 Rc8 19. h4 Na4 20. Nxa4 bxa4 21. Rh3 Bd5 22. Qe2 Qb7 23. Ka1 Rc4 24. g5 hxg5 25. fxg5 Bxg5 26. Be3 Be7 27. Qg2 Kd7 28. Qxg7 Rb8 29. Bc1 Qb6 30. c3 Rbc8 31. Qxf7 Rxd4 32. cxd4 Rf8 33. Qg7 Rf2 34. Qg1 Rf3 35. Rxf3 exf3 36. Rd3 Qb5 37. Rc3 Qe2 38. Be3 Bc4 39. Qc1 Bd5 40. Rc7+ Ke8 41. Rc8+ Kf7 42. Qg1 Qg2 43. Qxg2 fxg2 44. h5 Bg5 45. Bg1 Kg7 46. Rc3 Kh6 47. Rh3 Bf4 48. Rh4 Bg5 49. Rh3 1/2-1/2

[Event "EU-chT U18"]
[Site "Iasi"]
[Date "2023.07.24"]
[Round "1.1"]
[White "Morgunov, Marc"]
[Black "Piliposyan, Robert"]
[Result "1/2-1/2"]
[WhiteElo "2394"]
[BlackElo "2375"]
[PlyCount "54"]
[EventDate "2023.07.24"]
[EventType "team-swiss"]
[EventRounds "7"]
[EventCountry "ROU"]
[SourceTitle "CBM 215 Extra"]
[Source "ChessBase"]
[SourceDate "2023.09.30"]
[SourceVersion "1"]
[SourceVersionDate "2023.09.30"]
[SourceQuality "1"]
[WhiteTeam "Austria U18"]
[BlackTeam "Armenia U18"]
[WhiteTeamCountry "AUT"]
[BlackTeamCountry "ARM"]

1. e4 e5 2. Nf3 Nc6 3. Bb5 a6 4. Ba4 Nf6 5. 0-0 Nxe4 6. d4 b5 7. Bb3 d5 8. dxe5 Be6 9. Nbd2 Nc5 10. c3 d4 11. Bxe6 Nxe6 12. Nb3 dxc3 13. Qc2 Nb4 14. Qxc3 Qd3 15. a4 Rd8 16. axb5 axb5 17. Bg5 Nxg5 18. Nxg5 h6 19. Nf3 Qxc3 20. bxc3 Nd5 21. Nfd4 Nxc3 22. Nc6 Rd5 23. Nbd4 Kd7 24. Nb8+ Kc8 25. Nbc6 Kd7 26. Nb8+ Kc8 27. Nbc6 Kd7 1/2-1/2

[Event "AUT-ch U18"]
[Site "St Veit"]
[Date "2023.04.04"]
[Round "4"]
[White "Morgunov, Marc"]
[Black "Weichhart, Daniel"]
[Result "1-0"]
[WhiteElo "2405"]
[BlackElo "1860"]
[PlyCount "69"]
[EventDate "2023.04.02"]
[EventType "swiss"]
[EventRounds "7"]
[EventCountry "AUT"]
[SourceTitle "EXT 2024"]
[Source "ChessBase"]
[SourceDate "2023.10.10"]
[SourceVersion "1"]
[SourceVersionDate "2023.10.10"]
[SourceQuality "1"]

1. e4 c5 2. Nf3 Nc6 3. d3 g6 4. g3 Bg7 5. Bg2 e5 6. h4 Nf6 7. Bg5 h6 8. Bxf6 Bxf6 9. h5 g5 10. Nh2 d6 11. Ng4 Bxg4 12. Qxg4 Qd7 13. Qf3 Bd8 14. Bh3 Qe7 15. c3 b5 16. Nd2 b4 17. 0-0 0-0 18. Nc4 Qf6 19. Qg4 bxc3 20. bxc3 Na5 21. Ne3 c4 22. dxc4 Bb6 23. Nd5 Qd8 24. Qe2 Kg7 25. Rab1 Bc5 26. Kh2 Rb8 27. Qf3 Rxb1 28. Rxb1 f6 29. Qf5 Qe8 30. Rb8 Qxh5 31. Rxf8 Kxf8 32. Nxf6 Qf7 33. Qc8+ Kg7 34. Be6 Qf8 35. Nh5+ 1-0

[Event "AUT-ch U18"]
[Site "St Veit"]
[Date "2023.04.03"]
[Round "3"]
[White "Warzycha, Gerwin"]
[Black "Morgunov, Marc"]
[Result "0-1"]
[WhiteElo "1686"]
[BlackElo "2405"]
[PlyCount "64"]
[EventDate "2023.04.02"]
[EventType "swiss"]
[EventRounds "7"]
[EventCountry "AUT"]
[SourceTitle "EXT 2024"]
[Source "ChessBase"]
[SourceDate "2023.10.10"]
[SourceVersion "1"]
[SourceVersionDate "2023.10.10"]
[SourceQuality "1"]

1. e4 c5 2. Nf3 d6 3. d4 cxd4 4. Nxd4 Nf6 5. Nc3 Nc6 6. Bg5 Bd7 7. Be2 a6 8. f4 e6 9. Qd3 b5 10. Bf3 Rc8 11. Nxc6 Bxc6 12. e5 h6 13. Bh4 Bxf3 14. Qxf3 dxe5 15. fxe5 Qd4 16. Bg3 Ng4 17. Rd1 Qe3+ 18. Qxe3 Nxe3 19. Rd3 Nxc2+ 20. Kd1 Nb4 21. Rf3 Be7 22. Ke2 0-0 23. Rd1 Rfd8 24. Rxd8+ Rxd8 25. Bf2 Nc6 26. Re3 Bg5 27. Rd3 Nxe5 28. Rxd8+ Bxd8 29. Ne4 Nd7 30. Bg3 f5 31. Nc3 Bf6 32. Nd1 Kf7 0-1

[Event "Vienna"]
[Site "Vienna"]
[Date "2023.02.09"]
[Round "4"]
[White "Morgunov, Marc"]
[Black "Roshka, Yevgeniy"]
[Result "1/2-1/2"]
[WhiteElo "2400"]
[BlackElo "2503"]
[PlyCount "54"]
[EventDate "2023.02.07"]
[EventType "tourn"]
[EventRounds "9"]
[EventCountry "AUT"]
[EventCategory "9"]
[SourceTitle "CBM 212 Extra"]
[Source "ChessBase"]
[SourceDate "2023.03.31"]
[SourceVersion "1"]
[SourceVersionDate "2023.03.31"]
[SourceQuality "1"]

1. e4 e5 2. Nf3 Nc6 3. Bb5 a6 4. Ba4 f5 5. d4 exd4 6. exf5 Qe7+ 7. Kf1 b5 8. Bb3 Nf6 9. c3 Bb7 10. cxd4 0-0-0 11. Nc3 Na5 12. Bf4 Nxb3 13. Qxb3 Qb4 14. Qxb4 Bxb4 15. a4 bxa4 16. Nxa4 Rdf8 17. Nc5 Bxc5 18. dxc5 Nh5 19. Be3 Rxf5 20. b4 Re8 21. Nd4 Rf6 22. Ra3 Nf4 23. f3 Nd5 24. Bd2 Re4 25. Rd3 Nf4 26. Re3 Rxe3 27. Bxe3 Ne6 1/2-1/2

[Event "Vienna"]
[Site "Vienna"]
[Date "2023.02.08"]
[Round "2"]
[White "Polak, Tomas"]
[Black "Morgunov, Marc"]
[Result "1-0"]
[WhiteElo "2506"]
[BlackElo "2400"]
[PlyCount "57"]
[EventDate "2023.02.07"]
[EventType "tourn"]
[EventRounds "9"]
[EventCountry "AUT"]
[EventCategory "9"]
[SourceTitle "CBM 212 Extra"]
[Source "ChessBase"]
[SourceDate "2023.03.31"]
[SourceVersion "1"]
[SourceVersionDate "2023.03.31"]
[SourceQuality "1"]

1. d4 Nf6 2. c4 e6 3. Nc3 Bb4 4. e3 b6 5. Nge2 Ne4 6. Bd2 Nxd2 7. Qxd2 Bb7 8. a3 Be7 9. Nf4 0-0 10. Bd3 d5 11. cxd5 exd5 12. 0-0 Bg5 13. Rac1 Bxf4 14. exf4 Nd7 15. Rfe1 c6 16. b4 Re8 17. Ne2 a5 18. Ng3 axb4 19. axb4 b5 20. Nf5 Rxe1+ 21. Rxe1 Nf6 22. h3 g6 23. Nh6+ Kg7 24. f5 Qd6 25. Qg5 Ne4 26. Bxe4 f6 27. fxg6 Bc8 28. Qd2 dxe4 29. Nf7 1-0

[Event "Vienna"]
[Site "Vienna"]
[Date "2023.02.07"]
[Round "1"]
[White "Morgunov, Marc"]
[Black "Horvath, Dominik"]
[Result "0-1"]
[WhiteElo "2400"]
[BlackElo "2513"]
[PlyCount "78"]
[EventDate "2023.02.07"]
[EventType "tourn"]
[EventRounds "9"]
[EventCountry "AUT"]
[EventCategory "9"]
[SourceTitle "CBM 212 Extra"]
[Source "ChessBase"]
[SourceDate "2023.03.31"]
[SourceVersion "1"]
[SourceVersionDate "2023.03.31"]
[SourceQuality "1"]

1. e4 c6 2. d4 d5 3. exd5 cxd5 4. Nf3 Nc6 5. Ne5 a6 6. c4 e6 7. Be3 Nge7 8. Nc3 Nxe5 9. dxe5 Nf5 10. cxd5 Nxe3 11. fxe3 exd5 12. Qxd5 Qb6 13. 0-0-0 Be6 14. Qd4 Qc6 15. Bd3 Bc5 16. Be4 Qc7 17. Qa4+ Kf8 18. Rhf1 Qxe5 19. Bd5 b5 20. Qa5 Ke7 21. Bxa8 Rxa8 22. e4 Rc8 23. Qxa6 b4 24. Nd5+ Kf8 25. Kb1 Qxe4+ 26. Ka1 g6 27. Rxf7+ Kxf7 28. Qb7+ Kf8 29. Rf1+ Qf5 30. Rxf5+ Bxf5 31. Nxb4 Bd6 32. a3 Rc1+ 33. Ka2 Be6+ 34. b3 Be5 35. Nc2 Rxc2+ 36. Kb1 Bf5 37. Qb4+ Kf7 38. g4 Rc4+ 39. gxf5 Rxb4 0-1